| 000 | 00555nam a2200181Ia 4500 | ||
|---|---|---|---|
| 003 | GCL | ||
| 008 | 140319s9999 xx 000 0 ara d | ||
| 020 | _a3675919977 | ||
| 040 |
_aGCL / _cGCL |
||
| 082 | 0 | 4 |
_a658.562 _bن ت |
| 100 | 1 | _aنيوباى، تونى | |
| 245 | 1 | 0 |
_aالتدريب علىجودة الخدمة / _cنيوباى، تونى |
| 260 |
_aالقاهرة : _bمجموعة النيل العربية ، _c2003 |
||
| 300 |
_a159 ص ؛ _c24 سم |
||
| 650 | 0 | 4 | _aجودة الانتاج |
| 650 | 0 | 4 | _aضبط الجودة |
| 942 |
_2ddc _cBK |
||
| 999 |
_c5221 _d5221 |
||